Report Of the Finance Committee on the Loan Agreement Between the Government of the Republic of Ghana (Represented by the Ministry of Finance) And the International Development Association (IDA) For an Amount of Two Hundred Million United States Dollars (US$200,000,000.00) As Additional Financing for The Ghana Covid-19 Emergency Preparedness and Response Project 2021. (Record no. 4456)

MARC details
000 -LEADER
fixed length control field 00905nam a22001697a 4500
003 - CONTROL NUMBER IDENTIFIER
control field OSt
005 - DATE AND TIME OF LATEST TRANSACTION
control field 20260119144958.0
008 - FIXED-LENGTH DATA ELEMENTS--GENERAL INFORMATION
fixed length control field 240903b |||||||| |||| 00| 0 eng d
041 ## - LANGUAGE CODE
Language code of text/sound track or separate title English
082 ## - DEWEY DECIMAL CLASSIFICATION NUMBER
Classification number CR/FAB/21 Acc No. 9827
110 ## - MAIN ENTRY--CORPORATE NAME
Corporate name or jurisdiction name as entry element The Ghana Covid-19 Emergency Preparedness and Response Project 2021.
245 ## - TITLE STATEMENT
Title Report Of the Finance Committee on the Loan Agreement Between the Government of the Republic of Ghana (Represented by the Ministry of Finance) And the International Development Association (IDA) For an Amount of Two Hundred Million United States Dollars (US$200,000,000.00) As Additional Financing for The Ghana Covid-19 Emergency Preparedness and Response Project 2021.
260 ## - PUBLICATION, DISTRIBUTION, ETC.
Place of publication, distribution, etc. Accra:
Name of publisher, distributor, etc. Parliament of Ghana,
Date of publication, distribution, etc. 2021.
300 ## - PHYSICAL DESCRIPTION
Extent 13p.: tabs,
653 ## - INDEX TERM--UNCONTROLLED
Uncontrolled term The Ghana Covid-19 Emergency Preparedness and Response Project 2021.
942 ## - ADDED ENTRY ELEMENTS (KOHA)
Source of classification or shelving scheme Dewey Decimal Classification
Koha item type Committee Reports
Suppress in OPAC No
Holdings
Withdrawn status Lost status Source of classification or shelving scheme Damaged status Not for loan Home library Current library Shelving location Date acquired Total checkouts Full call number Date last seen Copy number Price effective from Koha item type
    Dewey Decimal Classification     Main Library Main Library Open Shelves 19/01/2026   Acc No. 9827 19/01/2026 C1 19/01/2026 Committee Reports
    Dewey Decimal Classification     Main Library Main Library Open Shelves 19/01/2026   Acc No.9827 19/01/2026 C2 19/01/2026 Committee Reports
©2026  Parliament of Ghana Library - All rights reserved